[Event "Novi Sad TS GM/IM Mix 189th"]
[Site "Novi Sad"]
[Date "2024.03.04"]
[Round "7"]
[White "Orujov, Farid"]
[Black "Ramoutar, Alan Safar"]
[Result "1/2-1/2"]
[WhiteElo "2261"]
[BlackElo "2336"]
[PlyCount "42"]
[EventDate "2024.02.29"]
[EventType "swiss"]
[EventRounds "9"]
[EventCountry "SRB"]
[SourceTitle "CB12_2024"]
[SourceDate "2023.10.01"]
[SourceVersion "1"]
[SourceVersionDate "2023.10.01"]
[SourceQuality "1"]

1. e4 c6 2. d4 d5 3. Nc3 dxe4 4. Nxe4 Bf5 5. Ng3 Bg6 6. Nf3 Nd7 7. h4 h6 8. h5 Bh7 9. Bd3 Bxd3 10. Qxd3 e6 11. Bd2 Ngf6 12. 0-0-0 Be7 13. Ne4 Nxe4 14. Qxe4 Nf6 15. Qe2 Qd5 16. c4 Qe4 17. Qxe4 Nxe4 18. Be1 Rd8 19. Kc2 0-0 20. Ne5 Rfe8 21. f3 Nf6 1/2-1/2

[Event "San Fernando ChessWork"]
[Site "San Fernando"]
[Date "2024.01.28"]
[Round "7"]
[White "Ramoutar, Alan Safar"]
[Black "Hermoso Rodriguez, Obdulis"]
[Result "1-0"]
[WhiteElo "2332"]
[BlackElo "1928"]
[PlyCount "69"]
[EventDate "2024.01.20"]
[EventType "tourn"]
[EventRounds "7"]
[EventCountry "TRI"]
[SourceTitle "CB05_2024"]
[SourceDate "2024.01.31"]
[SourceVersion "1"]
[SourceVersionDate "2024.01.31"]
[SourceQuality "1"]

1. e4 e6 2. d4 d5 3. e5 c5 4. c3 Nc6 5. Nf3 Bd7 6. Be2 Qb6 7. 0-0 cxd4 8. cxd4 f6 9. Nc3 Nge7 10. Bd3 f5 11. Na4 Qc7 12. Bd2 Ng6 13. Rc1 Be7 14. b4 a6 15. Nc5 Bxc5 16. Rxc5 0-0 17. a4 Qb6 18. Qb1 Rac8 19. Rfc1 Nce7 20. b5 axb5 21. axb5 Rxc5 22. dxc5 Qc7 23. Qa1 Rb8 24. h4 Qc8 25. Qd4 Qe8 26. Rb1 Ra8 27. c6 bxc6 28. b6 c5 29. Qxc5 Qb8 30. b7 Ra2 31. Qd6 Qxd6 32. exd6 Nc6 33. b8Q+ Nxb8 34. Rxb8+ Nf8 35. Ne5 1-0

[Event "San Fernando ChessWork"]
[Site "San Fernando"]
[Date "2024.01.27"]
[Round "5"]
[White "Harper, Ryan"]
[Black "Ramoutar, Alan Safar"]
[Result "0-1"]
[WhiteElo "2173"]
[BlackElo "2332"]
[PlyCount "74"]
[EventDate "2024.01.20"]
[EventType "tourn"]
[EventRounds "7"]
[EventCountry "TRI"]
[SourceTitle "CB05_2024"]
[SourceDate "2024.01.31"]
[SourceVersion "1"]
[SourceVersionDate "2024.01.31"]
[SourceQuality "1"]

1. d4 Nf6 2. Nf3 g6 3. Bg5 Bg7 4. Nbd2 0-0 5. e3 d6 6. Bd3 c5 7. c3 Nc6 8. Bxf6 Bxf6 9. dxc5 dxc5 10. Ne4 Bg4 11. Nxc5 Qb6 12. Nb3 Rfd8 13. Qe2 a5 14. Nbd4 Ne5 15. Be4 Nd7 16. Qb5 Qxb5 17. Nxb5 Nc5 18. Bc2 a4 19. 0-0 Ra5 20. Na3 Bxf3 21. gxf3 b5 22. Rad1 Rb8 23. Rd5 Rc8 24. Rfd1 e6 25. Rd6 Rb8 26. Rc6 Be7 27. Rd4 Ra6 28. Rc7 Kf8 29. Bd1 Bd6 30. Rxd6 Rxd6 31. Be2 Nd3 32. b3 axb3 33. axb3 Nc1 34. Bxb5 Nxb3 35. c4 Rd2 36. Bc6 Na5 37. Bb5 Ra2 0-1

[Event "San Fernando ChessWork"]
[Site "San Fernando"]
[Date "2024.01.20"]
[Round "1"]
[White "Winter Roach, Alex"]
[Black "Ramoutar, Alan Safar"]
[Result "1/2-1/2"]
[WhiteElo "2134"]
[BlackElo "2332"]
[PlyCount "70"]
[EventDate "2024.01.20"]
[EventType "tourn"]
[EventRounds "7"]
[EventCountry "TRI"]
[SourceTitle "CB05_2024"]
[SourceDate "2024.01.31"]
[SourceVersion "1"]
[SourceVersionDate "2024.01.31"]
[SourceQuality "1"]

1. e4 c6 2. d4 d5 3. Nc3 dxe4 4. Nxe4 Nf6 5. Nxf6+ exf6 6. c3 Bd6 7. Bd3 0-0 8. Ne2 Re8 9. 0-0 Nd7 10. Ng3 g6 11. Bh6 Bf8 12. Qd2 f5 13. Bxf8 Nxf8 14. Qh6 Be6 15. Rfe1 Nd7 16. Rad1 Qf6 17. b3 Re7 18. Qf4 Rae8 19. c4 Nf8 20. Bf1 Bc8 21. Rxe7 Qxe7 22. d5 cxd5 23. cxd5 Rd8 24. d6 Qe8 25. h4 Ne6 26. Qe5 Bd7 27. Bc4 b5 28. Bd5 Rc8 29. Re1 Nf4 30. Qa1 Be6 31. Bxe6 Nxe6 32. h5 Rd8 33. Qe5 Qc6 34. Rd1 Qc2 35. Re1 Qc6 1/2-1/2

[Event "Pozarevac Rudar 15th"]
[Site "Pozarevac"]
[Date "2023.08.10"]
[Round "9"]
[White "Ramoutar, Alan Safar"]
[Black "Tenuunbold, Battulga"]
[Result "0-1"]
[WhiteElo "2381"]
[BlackElo "2203"]
[PlyCount "96"]
[EventDate "2023.08.03"]
[EventType "tourn"]
[EventRounds "9"]
[EventCountry "SRB"]
[EventCategory "1"]
[SourceTitle "CBM 215 Extra"]
[Source "ChessBase"]
[SourceDate "2023.09.30"]
[SourceVersion "1"]
[SourceVersionDate "2023.09.30"]
[SourceQuality "1"]

1. e4 c5 2. Nc3 Nc6 3. Bb5 Nd4 4. Nf3 a6 5. Bd3 g6 6. 0-0 Bg7 7. Re1 e6 8. Rb1 Ne7 9. a3 b5 10. b4 c4 11. Bf1 Bb7 12. Nxd4 Bxd4 13. Bb2 Qb6 14. Qe2 0-0 15. Nd1 Bxb2 16. Rxb2 d5 17. exd5 Nxd5 18. Qg4 f5 19. Qh4 Rae8 20. d3 cxd3 21. Bxd3 e5 22. c4 Nf4 23. Bf1 Qd4 24. g3 Ne6 25. Qxd4 Nxd4 26. Bg2 Bxg2 27. Kxg2 bxc4 28. Rd2 f4 29. Re4 g5 30. Nc3 Kf7 31. Nd5 f3+ 32. Kf1 Re6 33. Rd1 Rc8 34. Nc3 h5 35. Re3 g4 36. Ne4 Rh6 37. h4 gxh3 38. Ng5+ Kg7 39. Nxf3 c3 40. Nxe5 c2 41. Rc1 Rd6 42. Rd3 Nb3 43. Rxd6 Nxc1 44. Rg6+ Kh7 45. Rg5 Nb3 46. Rxh5+ Kg7 47. Nd3 Rc3 48. Ke2 Rxd3 0-1

[Event "Pozarevac Rudar 15th"]
[Site "Pozarevac"]
[Date "2023.08.09"]
[Round "8"]
[White "Besedes, Danilo"]
[Black "Ramoutar, Alan Safar"]
[Result "1/2-1/2"]
[WhiteElo "2287"]
[BlackElo "2381"]
[PlyCount "40"]
[EventDate "2023.08.03"]
[EventType "tourn"]
[EventRounds "9"]
[EventCountry "SRB"]
[EventCategory "1"]
[SourceTitle "CBM 215 Extra"]
[Source "ChessBase"]
[SourceDate "2023.09.30"]
[SourceVersion "1"]
[SourceVersionDate "2023.09.30"]
[SourceQuality "1"]

1. d4 d5 2. Nf3 Nf6 3. g3 c5 4. Bg2 cxd4 5. Nxd4 e5 6. Nb3 h6 7. 0-0 Be7 8. Nc3 d4 9. Na4 0-0 10. c3 Nc6 11. cxd4 Nxd4 12. Be3 Nf5 13. Bc5 Bxc5 14. Naxc5 Qe7 15. Qc2 Rb8 16. Rfd1 b6 17. Ne4 Be6 18. Nxf6+ Qxf6 19. e3 Rbc8 20. Qe2 Qe7 1/2-1/2

[Event "Pozarevac Rudar 15th"]
[Site "Pozarevac"]
[Date "2023.08.08"]
[Round "7"]
[White "Ramoutar, Alan Safar"]
[Black "Spasic, Petar"]
[Result "1/2-1/2"]
[WhiteElo "2381"]
[BlackElo "2317"]
[PlyCount "55"]
[EventDate "2023.08.03"]
[EventType "tourn"]
[EventRounds "9"]
[EventCountry "SRB"]
[EventCategory "1"]
[SourceTitle "CBM 215 Extra"]
[Source "ChessBase"]
[SourceDate "2023.09.30"]
[SourceVersion "1"]
[SourceVersionDate "2023.09.30"]
[SourceQuality "1"]

1. e4 c5 2. Nc3 Nc6 3. Bb5 g6 4. Bxc6 bxc6 5. d3 Bg7 6. f4 d6 7. Nf3 Nh6 8. 0-0 f5 9. e5 0-0 10. Qe1 Nf7 11. e6 Nh8 12. Rf2 Rb8 13. Re2 d5 14. Na4 Qd6 15. Qa5 Rb5 16. Qe1 Rb4 17. Nc3 d4 18. Nb1 Rf6 19. Na3 Rxe6 20. Nc4 Rxe2 21. Qxe2 Qe6 22. Qf1 Nf7 23. Bd2 Rb7 24. Re1 Qd5 25. b3 Bf6 26. Nfe5 Nxe5 27. Nxe5 Be6 28. Qe2 1/2-1/2

[Event "Pozarevac Rudar 15th"]
[Site "Pozarevac"]
[Date "2023.08.06"]
[Round "4"]
[White "Parvathareddy, Ajay Santhosh"]
[Black "Ramoutar, Alan Safar"]
[Result "1-0"]
[WhiteElo "2034"]
[BlackElo "2381"]
[PlyCount "135"]
[EventDate "2023.08.03"]
[EventType "tourn"]
[EventRounds "9"]
[EventCountry "SRB"]
[EventCategory "1"]
[SourceTitle "CBM 215 Extra"]
[Source "ChessBase"]
[SourceDate "2023.09.30"]
[SourceVersion "1"]
[SourceVersionDate "2023.09.30"]
[SourceQuality "1"]

1. d4 b6 2. e4 Bb7 3. Nc3 e6 4. Be3 Bb4 5. f3 d5 6. e5 Ne7 7. a3 Bxc3+ 8. bxc3 Ba6 9. Ne2 c5 10. dxc5 Nd7 11. cxb6 axb6 12. f4 Qc7 13. Bd4 f6 14. exf6 gxf6 15. Qd2 e5 16. fxe5 fxe5 17. Bf2 Rc8 18. Rd1 Rf8 19. Nd4 Rxf2 20. Qxf2 Qxc3+ 21. Rd2 Bxf1 22. Ne6 Rc4 23. Kxf1 Rg4 24. Qf3 Qc4+ 25. Kg1 Rg6 26. Rf2 Nf6 27. h4 Qg4 28. h5 Qxf3 29. Rxf3 Rh6 30. Rh4 Ne4 31. Nc7+ Kd7 32. Nxd5 Nxd5 33. Rxe4 Rxh5 34. g4 Rh4 35. Rxe5 Rxg4+ 36. Kf1 Kd6 37. Rh5 Kc6 38. Rxh7 Rc4 39. Rh6+ Kb7 40. Rd6 Nc7 41. Rd2 Nb5 42. Rb3 Ka6 43. Rf2 Rc6 44. Rb4 Nc3 45. Rd4 Nb5 46. Ra4+ Kb7 47. Rf7+ Kb8 48. Rf8+ Kb7 49. c4 Nd6 50. Rf4 Rc5 51. Rb4 Kc6 52. Ke2 Ra5 53. Rb3 Ra4 54. Kd3 Kc5 55. Rc3 Ra7 56. Rh4 Kc6 57. Rh5 Rd7 58. Kc2 Ne4 59. Rd3 Rg7 60. Rh6+ Kc5 61. Kb3 Rg5 62. Re6 Rg3 63. Rxg3 Nxg3 64. Kc3 Nf1 65. Re4 Kc6 66. Kb4 Nd2 67. Rf4 Nb1 68. Rf2 1-0

[Event "Pozarevac Rudar IM 14th"]
[Site "Pozarevac"]
[Date "2023.08.02"]
[Round "9"]
[White "Ramoutar, Alan Safar"]
[Black "Besedes, Danilo"]
[Result "0-1"]
[WhiteElo "2381"]
[BlackElo "2287"]
[PlyCount "124"]
[EventDate "2023.07.26"]
[EventType "tourn"]
[EventRounds "9"]
[EventCountry "SRB"]
[EventCategory "1"]
[SourceTitle "CBM 215 Extra"]
[Source "ChessBase"]
[SourceDate "2023.09.30"]
[SourceVersion "1"]
[SourceVersionDate "2023.09.30"]
[SourceQuality "1"]

1. d4 Nf6 2. Nf3 e6 3. Bf4 d5 4. e3 Bd6 5. Ne5 0-0 6. Nd2 c5 7. c3 Qc7 8. Bd3 Nbd7 9. Ndf3 b6 10. g4 a5 11. g5 Ne4 12. Rg1 cxd4 13. exd4 Ba6 14. Nxd7 Qxd7 15. Bxd6 Nxd6 16. Ne5 Qb7 17. Bc2 Nf5 18. Qg4 b5 19. Bxf5 exf5 20. Qxf5 b4 21. Kd2 g6 22. Qc2 f6 23. gxf6 Rxf6 24. f3 Qg7 25. Rae1 bxc3+ 26. bxc3 Rb8 27. Rb1 Qh6+ 28. Kd1 Rfb6 29. Rxb6 Rxb6 30. Re1 Qf4 31. a4 Kg7 32. Qa2 Qf5 33. Kd2 Qg5+ 34. Kd1 Qf4 35. Qc2 Bc8 36. Nd3 Qxf3+ 37. Qe2 Qxe2+ 38. Kxe2 Rb3 39. Kd2 Bf5 40. Re7+ Kf6 41. Rxh7 Ra3 42. Nf4 Be4 43. Rd7 Rxa4 44. Nxd5+ Ke6 45. Nb6 Ra2+ 46. Ke3 Bf5 47. d5+ Kf6 48. Rh7 Ke5 49. c4 a4 50. c5 a3 51. Re7+ Kf6 52. d6 Rc2 53. h4 Be6 54. Ra7 a2 55. d7 Ke7 56. Kd4 Rd2+ 57. Ke3 Rd1 58. c6 a1Q 59. Rxa1 Rxa1 60. Kd4 Rc1 61. Nd5+ Bxd5 62. Kxd5 Rc2 0-1

[Event "Pozarevac Rudar IM 14th"]
[Site "Pozarevac"]
[Date "2023.07.31"]
[Round "7"]
[White "Ramoutar, Alan Safar"]
[Black "Spasic, Petar"]
[Result "1/2-1/2"]
[WhiteElo "2381"]
[BlackElo "2317"]
[PlyCount "49"]
[EventDate "2023.07.26"]
[EventType "tourn"]
[EventRounds "9"]
[EventCountry "SRB"]
[EventCategory "1"]
[SourceTitle "CBM 215 Extra"]
[Source "ChessBase"]
[SourceDate "2023.09.30"]
[SourceVersion "1"]
[SourceVersionDate "2023.09.30"]
[SourceQuality "1"]

1. e4 c5 2. Nc3 Nc6 3. Bb5 g6 4. Bxc6 bxc6 5. f4 Bg7 6. Nf3 d6 7. d3 Nh6 8. 0-0 f5 9. e5 0-0 10. Qe2 Qc7 11. Bd2 Nf7 12. Rae1 Nd8 13. b3 Ne6 14. Qf2 g5 15. exd6 Qxd6 16. fxg5 Nd4 17. Qh4 e5 18. g6 Nxf3+ 19. Rxf3 hxg6 20. Bh6 Qd4+ 21. Qxd4 cxd4 22. Bxg7 Kxg7 23. Nb1 Re8 24. Nd2 Ba6 25. Rf2 1/2-1/2

[Event "Pozarevac Rudar IM 14th"]
[Site "Pozarevac"]
[Date "2023.07.27"]
[Round "2"]
[White "Ramoutar, Alan Safar"]
[Black "Ajay, Santhosh Parvathare"]
[Result "1/2-1/2"]
[WhiteElo "2381"]
[BlackElo "2034"]
[PlyCount "143"]
[EventDate "2023.07.26"]
[EventType "tourn"]
[EventRounds "9"]
[EventCountry "SRB"]
[EventCategory "1"]
[SourceTitle "CBM 215 Extra"]
[Source "ChessBase"]
[SourceDate "2023.09.30"]
[SourceVersion "1"]
[SourceVersionDate "2023.09.30"]
[SourceQuality "1"]

1. e4 c5 2. Nc3 d6 3. Bb5+ Nd7 4. Be2 g6 5. f4 Ngf6 6. Nf3 Bh6 7. d3 Nh5 8. Ng5 Bxg5 9. fxg5 Ng7 10. Be3 Ne6 11. Nd5 Nd4 12. 0-0 Nb6 13. Nxb6 Qxb6 14. c3 Nc6 15. b4 a6 16. Rb1 Qa7 17. bxc5 dxc5 18. Qb3 c4 19. Qb6 Qxb6 20. Rxb6 cxd3 21. Bxd3 0-0 22. Bc4 Na5 23. Bd5 e6 24. Bb3 Bd7 25. Rd6 Bb5 26. Rfd1 Rac8 27. Bd4 Nc4 28. Bxc4 Rxc4 29. Bf6 Re8 30. Rd8 Rc8 31. Rxc8 Rxc8 32. Kf2 Bc6 33. Ke3 Ba4 34. Rd2 Bc6 35. g4 Kf8 36. h4 Ke8 37. h5 Bb5 38. Kf4 Ba4 39. Bd4 Rd8 40. Ke5 Bc6 41. Rh2 Rd7 42. Bc5 Kd8 43. hxg6 fxg6 44. Bd6 Ke8 45. Kxe6 Rf7 46. Ke5 Kd7 47. Rd2 Rf3 48. c4 Ke8 49. Bc7 Bd7 50. Rb2 Bc6 51. c5 Rc3 52. Kd4 Ra3 53. Ke5 Ra4 54. Re2 Kd7 55. Bd6 Rc4 56. Rh2 Rxe4+ 57. Kf6 Re6+ 58. Kg7 Bf3 59. Rxh7 Kc6 60. Kf8 b6 61. Rc7+ Kb5 62. Rc8 bxc5 63. Rxc5+ Kb6 64. Be7 Rxe7 65. Rc3 Re5 66. Rxf3 Rxg5 67. Rf4 Ra5 68. a4 g5 69. Re4 Kc6 70. Kf7 Kd5 71. Rb4 Kc5 72. Re4 1/2-1/2

[Event "Zadar"]
[Site "Zadar"]
[Date "2023.07.09"]
[Round "2"]
[White "Tratar, Marko"]
[Black "Ramoutar, Alan Safar"]
[Result "1/2-1/2"]
[WhiteElo "2391"]
[BlackElo "2406"]
[PlyCount "79"]
[EventDate "2023.07.08"]
[EventType "tourn"]
[EventRounds "9"]
[EventCountry "CRO"]
[EventCategory "6"]
[SourceTitle "EXT 2024"]
[Source "ChessBase"]
[SourceDate "2023.10.10"]
[SourceVersion "1"]
[SourceVersionDate "2023.10.10"]
[SourceQuality "1"]

1. Nf3 d5 2. g3 Nd7 3. d4 Nb6 4. Nc3 Nf6 5. Bg2 Bf5 6. Nh4 e6 7. Nxf5 exf5 8. Bg5 c6 9. Qd3 g6 10. b3 h6 11. Bxf6 Qxf6 12. e3 h5 13. h4 Bd6 14. Ne2 0-0-0 15. a4 Nd7 16. Rc1 Ba3 17. Rb1 Qe7 18. c3 Bd6 19. c4 Bb4+ 20. Kf1 Nf6 21. Qc2 Kb8 22. Nf4 Ne4 23. Rd1 Rhe8 24. Bf3 Bd6 25. Bxe4 fxe4 26. c5 Bxf4 27. gxf4 f6 28. Qe2 Rh8 29. b4 g5 30. hxg5 fxg5 31. Rxh5 gxf4 32. exf4 Qf7 33. Rxh8 Rxh8 34. Qg4 Qh7 35. f5 Rf8 36. Ke2 Rxf5 37. Rh1 Rxf2+ 38. Kxf2 Qxh1 39. Qg8+ Kc7 40. Qf7+ 1/2-1/2

[Event "Zadar"]
[Site "Zadar"]
[Date "2023.07.08"]
[Round "1"]
[White "Ramoutar, Alan Safar"]
[Black "Godena, Michele"]
[Result "1/2-1/2"]
[WhiteElo "2406"]
[BlackElo "2444"]
[PlyCount "36"]
[EventDate "2023.07.08"]
[EventType "tourn"]
[EventRounds "9"]
[EventCountry "CRO"]
[EventCategory "6"]
[SourceTitle "EXT 2024"]
[Source "ChessBase"]
[SourceDate "2023.10.10"]
[SourceVersion "1"]
[SourceVersionDate "2023.10.10"]
[SourceQuality "1"]

1. e4 e5 2. Nf3 Nc6 3. Bc4 Bc5 4. c3 Nf6 5. d4 exd4 6. cxd4 Bb4+ 7. Nbd2 Bxd2+ 8. Bxd2 Nxe4 9. d5 Nxd2 10. Qxd2 Ne7 11. h4 d6 12. 0-0-0 c6 13. dxc6 0-0 14. Qxd6 Qxd6 15. Rxd6 Nxc6 16. Bb5 Be6 17. Bxc6 bxc6 18. Rxc6 Bxa2 1/2-1/2

[Event "Reykjavik op"]
[Site "Reykjavik"]
[Date "2023.04.04"]
[Round "9"]
[White "Hoffmann, Sebastian1111"]
[Black "Ramoutar, Alan Safar"]
[Result "1-0"]
[WhiteElo "2108"]
[BlackElo "2425"]
[PlyCount "153"]
[EventDate "2023.03.29"]
[EventType "swiss"]
[EventRounds "9"]
[EventCountry "ISL"]
[SourceTitle "CBM 213 Extra"]
[Source "ChessBase"]
[SourceDate "2023.05.31"]
[SourceVersion "1"]
[SourceVersionDate "2023.05.31"]
[SourceQuality "1"]

1. d4 d5 2. c4 e6 3. Nc3 c6 4. e4 dxe4 5. Nxe4 Bb4+ 6. Nc3 e5 7. Be3 exd4 8. Qxd4 Qxd4 9. Bxd4 Nf6 10. Nge2 Nbd7 11. Ng3 0-0 12. Be2 Re8 13. 0-0 Bc5 14. Rad1 a5 15. Na4 Bxd4 16. Rxd4 g6 17. Rfd1 Kg7 18. f4 Rb8 19. Bf3 Nf8 20. Ne4 Nxe4 21. Rxe4 Rxe4 22. Bxe4 Bg4 23. Rd2 Re8 24. Nc3 Nd7 25. Kf2 Nc5 26. Bf3 Be6 27. b3 f5 28. g3 Kf6 29. Rd4 Ke7 30. Ke3 Ra8 31. Be2 Ra6 32. Rd2 Ra8 33. Rd4 Bd7 34. Rd2 Re8 35. Kf3 Kd8 36. Kf2 Kc7 37. Bd1 Be6 38. Bc2 Rb8 39. Ke3 b5 40. cxb5 cxb5 41. Bd1 b4 42. Nd5+ Bxd5 43. Rxd5 Kb6 44. Rd6+ Kc7 45. Rd5 Re8+ 46. Kd4 Ne4 47. Bf3 Kb6 48. Bxe4 Rxe4+ 49. Kd3 Re1 50. Rd6+ Kc5 51. Ra6 Kb5 52. Ra7 Ra1 53. Rb7+ Kc5 54. Rc7+ Kd5 55. Rd7+ Ke6 56. Rxh7 Rxa2 57. Rh8 Rf2 58. Re8+ Kf7 59. Re2 Rf3+ 60. Re3 Rf1 61. Re2 Rf3+ 62. Re3 Rf2 63. Re2 Rxe2 64. Kxe2 Ke6 65. Kd3 Kd5 66. h3 Kc5 67. g4 fxg4 68. hxg4 Kd5 69. f5 g5 70. Ke3 Kc5 71. Ke4 a4 72. bxa4 Kc4 73. Ke3 Kc3 74. f6 b3 75. f7 b2 76. f8Q b1Q 77. Qc8+ 1-0

[Event "Reykjavik op"]
[Site "Reykjavik"]
[Date "2023.03.31"]
[Round "4"]
[White "Ramoutar, Alan Safar"]
[Black "Schaefer, Bernd"]
[Result "1-0"]
[WhiteElo "2425"]
[BlackElo "2018"]
[PlyCount "77"]
[EventDate "2023.03.29"]
[EventType "swiss"]
[EventRounds "9"]
[EventCountry "ISL"]
[SourceTitle "CBM 213 Extra"]
[Source "ChessBase"]
[SourceDate "2023.05.31"]
[SourceVersion "1"]
[SourceVersionDate "2023.05.31"]
[SourceQuality "1"]

1. e4 c5 2. Nc3 a6 3. g3 Nc6 4. Bg2 g6 5. d3 Bg7 6. Nge2 d6 7. 0-0 e6 8. h4 h5 9. Bg5 Qb6 10. Rb1 Bd7 11. a3 Nh6 12. b4 cxb4 13. axb4 Nd4 14. Nxd4 Bxd4 15. Ne2 Bg7 16. c4 Ng4 17. d4 Rc8 18. Qd3 0-0 19. Rfd1 Ba4 20. Rdc1 f6 21. Bd2 e5 22. f3 Nh6 23. Be3 Qd8 24. b5 f5 25. Nc3 f4 26. gxf4 Qxh4 27. Nxa4 exd4 28. Bxd4 Bxd4+ 29. Qxd4 Rxf4 30. bxa6 bxa6 31. Rb7 Nf7 32. Nb6 Re8 33. Nd5 Rxf3 34. Bxf3 Qg5+ 35. Kf2 Qxc1 36. Nf6+ Kf8 37. Nxe8 Kxe8 38. Qf6 Qc2+ 39. Be2 1-0

[Event "Seville op 48th"]
[Site "Seville"]
[Date "2023.01.16"]
[Round "4"]
[White "Ramoutar, Alan Safar"]
[Black "Stremavicius, Titas"]
[Result "1/2-1/2"]
[WhiteElo "2415"]
[BlackElo "2526"]
[PlyCount "90"]
[EventDate "2023.01.13"]
[EventType "swiss"]
[EventRounds "9"]
[EventCountry "ESP"]
[SourceTitle "CBM 212 Extra"]
[Source "ChessBase"]
[SourceDate "2023.03.31"]
[SourceVersion "1"]
[SourceVersionDate "2023.03.31"]
[SourceQuality "1"]

1. e4 c5 2. Nf3 Nc6 3. Bb5 g6 4. Bxc6 dxc6 5. d3 Bg7 6. h3 Nf6 7. Nc3 0-0 8. Be3 b6 9. Qd2 e5 10. Bh6 Qe7 11. 0-0 Nh5 12. Bxg7 Nxg7 13. Rae1 Bd7 14. Ne2 Rae8 15. Nh2 Qd6 16. f4 exf4 17. Qxf4 Qxf4 18. Nxf4 g5 19. Ne2 c4 20. dxc4 Rxe4 21. Nc3 Rxc4 22. Nf3 Bf5 23. Nxg5 Bxc2 24. Re7 f6 25. Nge4 f5 26. Ng5 h6 27. Nf3 a5 28. Ne5 Rd4 29. Nxc6 Rd6 30. Ne5 f4 31. Rd7 Re6 32. Nd3 Nh5 33. Re1 Rg6 34. Kf2 f3 35. gxf3 Bxd3 36. Rxd3 Nf4 37. Rd4 Nxh3+ 38. Ke3 Rg3 39. Rg4+ Rxg4 40. fxg4 Ng5 41. Rd1 Rf3+ 42. Ke2 Rg3 43. Rd6 Kg7 44. Rxb6 Rxg4 45. Nd5 a4 1/2-1/2

[Event "Wch U20 59th"]
[Site "Cala Gonone"]
[Date "2022.10.16"]
[Round "6"]
[White "Ramoutar, Alan Safar"]
[Black "Lumachi, Gabriele"]
[Result "1/2-1/2"]
[WhiteElo "2449"]
[BlackElo "2387"]
[PlyCount "94"]
[EventDate "2022.10.12"]
[EventType "swiss"]
[EventRounds "11"]
[EventCountry "ITA"]
[SourceTitle "CBM 210 Extra"]
[Source "ChessBase"]
[SourceDate "2022.11.30"]
[SourceVersion "1"]
[SourceVersionDate "2022.11.30"]
[SourceQuality "1"]

1. e4 c5 2. Nf3 d6 3. d4 cxd4 4. Qxd4 Nc6 5. Bb5 Bd7 6. Qd3 Nf6 7. c4 g6 8. Nc3 Bg7 9. 0-0 0-0 10. h3 Nb4 11. Qe2 a6 12. Bxd7 Qxd7 13. Be3 Rac8 14. Rac1 Qe6 15. a3 Nc6 16. Ng5 Qd7 17. Na4 Nd4 18. Bxd4 Qxa4 19. Qd3 Nd7 20. Bxg7 Kxg7 21. b4 Ne5 22. Qd4 Qxa3 23. f4 Qd3 24. Qa1 Kg8 25. Nxh7 Qe3+ 26. Kh2 Nd3 27. Nxf8 Nxc1 28. Nxg6 fxg6 29. Qxc1 Qxe4 30. f5 Rxc4 31. Qh6 Qe5+ 32. Kh1 Qf6 33. Qd2 b5 34. Qd5+ Kg7 35. Qb7 gxf5 36. Re1 Re4 37. Rxe4 fxe4 38. Qxe4 e5 39. Qg4+ Kh6 40. Kg1 d5 41. Qg8 d4 42. g4 e4 43. h4 Qxh4 44. Qf8+ Kg6 45. Qg8+ Kh6 46. Qf8+ Kg6 47. Qg8+ Kh6 1/2-1/2

[Event "Wch U20 59th"]
[Site "Cala Gonone"]
[Date "2022.10.13"]
[Round "2"]
[White "Mladek, Richard"]
[Black "Ramoutar, Alan Safar"]
[Result "1-0"]
[WhiteElo "2371"]
[BlackElo "2449"]
[PlyCount "123"]
[EventDate "2022.10.12"]
[EventType "swiss"]
[EventRounds "11"]
[EventCountry "ITA"]
[SourceTitle "CBM 210 Extra"]
[Source "ChessBase"]
[SourceDate "2022.11.30"]
[SourceVersion "1"]
[SourceVersionDate "2022.11.30"]
[SourceQuality "1"]

1. d4 d5 2. c4 e6 3. Nc3 c6 4. e3 Nf6 5. Nf3 a6 6. b3 Bb4 7. Bd2 Nbd7 8. Bd3 0-0 9. 0-0 Bd6 10. e4 dxc4 11. bxc4 e5 12. c5 Bc7 13. Na4 exd4 14. h3 Re8 15. Qc2 h6 16. Rad1 Nh5 17. Nxd4 Ne5 18. Be3 Qh4 19. f4 Qg3 20. Bc1 Bxh3 21. fxe5 Bxe5 22. Nf3 Bg4 23. Qf2 Bxf3 24. Qxg3 Bd4+ 25. Kh2 Nxg3 26. Rxf3 Nxe4 27. Bc4 Be5+ 28. Kg1 Nf6 29. Rfd3 Re7 30. Bb3 Rae8 31. Bb2 Bxb2 32. Nxb2 Ng4 33. Rd8 Rxd8 34. Rxd8+ Kh7 35. Kf1 f5 36. Nc4 g5 37. Bc2 Kg6 38. Rf8 Kh5 39. Rxf5 Kh4 40. Bd3 Nh2+ 41. Kf2 Ng4+ 42. Kg1 Ne3 43. Nd6 g4 44. Rf8 Re5 45. Ne4 Nf5 46. Kf2 Rd5 47. Bc4 Re5 48. g3+ Kh3 49. Bd3 Nd4 50. Ke3 Rd5 51. Bc4 Nc2+ 52. Kf2 Re5 53. Rf6 h5 54. Bd3 Nb4 55. Bb1 Nd5 56. Rf7 Ne7 57. Bd3 Kh2 58. a3 Nf5 59. Rh7 h4 60. Nd6 Rxc5 61. Nxf5 h3 62. Ne3 1-0

[Event "Wch U20 59th"]
[Site "Cala Gonone"]
[Date "2022.10.13"]
[Round "3"]
[White "Ramoutar, Alan Safar"]
[Black "Carlo, Emanuele"]
[Result "1/2-1/2"]
[WhiteElo "2449"]
[BlackElo "2306"]
[PlyCount "63"]
[EventDate "2022.10.12"]
[EventType "swiss"]
[EventRounds "11"]
[EventCountry "ITA"]
[SourceTitle "CBM 210 Extra"]
[Source "ChessBase"]
[SourceDate "2022.11.30"]
[SourceVersion "1"]
[SourceVersionDate "2022.11.30"]
[SourceQuality "1"]

1. e4 c5 2. Nf3 d6 3. d4 cxd4 4. Nxd4 Nf6 5. Bb5+ Nbd7 6. Bd3 a6 7. c4 Nc5 8. Nc3 Nxd3+ 9. Qxd3 g6 10. 0-0 Bg7 11. Re1 0-0 12. Bg5 Re8 13. Rad1 Bd7 14. h3 h6 15. Bc1 Rc8 16. Nf3 Qc7 17. e5 dxe5 18. Nxe5 Bf5 19. Qf3 Rcd8 20. Bf4 Rxd1 21. Rxd1 Qc8 22. g4 Be6 23. b3 h5 24. Nd5 hxg4 25. Nxf6+ exf6 26. Nxg4 b5 27. cxb5 axb5 28. Rc1 Qa8 29. Qxa8 Rxa8 30. Rc2 g5 31. Bd6 f5 32. Ne5 1/2-1/2

[Event "BIH-chT 20th"]
[Site "Neum"]
[Date "2022.09.15"]
[Round "6.1"]
[White "Puric, Nenad"]
[Black "Ramoutar, Alan Safar"]
[Result "1-0"]
[WhiteElo "2197"]
[BlackElo "2449"]
[PlyCount "103"]
[EventDate "2022.09.10"]
[EventType "team-tourn"]
[EventRounds "9"]
[EventCountry "BIH"]
[SourceTitle "CBM 210 Extra"]
[Source "ChessBase"]
[SourceDate "2022.11.30"]
[SourceVersion "1"]
[SourceVersionDate "2022.11.30"]
[SourceQuality "1"]
[WhiteTeam "Brcko Jedinstvo"]
[BlackTeam "Pazaric Bjelasnica"]
[WhiteTeamCountry "BIH"]
[BlackTeamCountry "BIH"]

1. e4 c6 2. d4 d5 3. Bd3 dxe4 4. Bxe4 Nf6 5. Bf3 Bf5 6. Ne2 e6 7. c4 Na6 8. 0-0 Be7 9. a3 0-0 10. Nbc3 Bg4 11. Bxg4 Nxg4 12. h3 Nf6 13. b4 Nc7 14. Bf4 Rc8 15. Qb3 Bd6 16. Rfd1 Bxf4 17. Nxf4 Qd6 18. Nfe2 Rfd8 19. a4 e5 20. b5 Ne6 21. d5 Nc5 22. Qc2 cxd5 23. Nxd5 Re8 24. a5 Nxd5 25. Rxd5 Qf6 26. Rad1 e4 27. Ng3 g6 28. Re1 Qh4 29. Qd2 f5 30. Qd4 Qe7 31. Ne2 e3 32. f3 Qg7 33. Qf4 Nb3 34. c5 Nxc5 35. Qc4 Qf7 36. Qd4 Nb3 37. Qd3 Nxa5 38. Rd7 Qc4 39. Qd6 Qxb5 40. Qd4 Qe5 41. Qh4 Qh8 42. Nf4 Rc4 43. Rxe3 Rf8 44. Ree7 Nc6 45. Rxh7 Qa1+ 46. Kh2 Rc1 47. Rdg7+ Qxg7 48. Rxg7+ Kxg7 49. Ne6+ Kf7 50. Nxf8 Rd1 51. Nh7 Kg7 52. Ng5 1-0